Obras completas / (Record no. 183353)
[ view plain ]
| 000 -LEADER | |
|---|---|
| campo de control de longitud fija | 03206nam a2200277 i 4500 |
| 001 - NÚMERO DE CONTROL | |
| campo de control | 183353 |
| 003 - IDENTIFICADOR DE NÚMERO DE CONTROL | |
| campo de control | ES-MaACL |
| 005 - FECHA Y HORA DE LA ÚLTIMA TRANSACCIÓN | |
| campo de control | 20250822062559.0 |
| 008 - DATOS DE LONGITUD FIJA--INFORMACIÓN GENERAL | |
| campo de control de longitud fija | 140328s1982 ag |||| |dspa d |
| 020 ## - NÚMERO INTERNACIONAL ESTÁNDAR DEL LIBRO | |
| Número Internacional Estándar del Libro | 84-610-0500-7 |
| 080 ## - NÚMERO DE LA CLASIFICACIÓN DECIMAL UNIVERSAL | |
| Número de la Clasificación Decimal Universal | 159.9(081) Freud, Sigmund |
| 100 1# - ENTRADA PRINCIPAL--NOMBRE DE PERSONA | |
| Nombre de persona | Freud, Sigmund, |
| Fechas asociadas al nombre | 1856-1939 |
| 9 (RLIN) | 52547 |
| 245 10 - MENCIÓN DEL TÍTULO | |
| Título | Obras completas / |
| Mención de responsabilidad, etc. | Sigmund Freud ; ordenamiento, comentarios y notas de James Strachey ; con la colaboración de Anna Freud ; asistidos por Alix Strachey y Alan Tyson ; traducción directa del alemán de José Etcheverry. |
| 260 ## - PUBLICACIÓN, DISTRIBUCIÓN, ETC. | |
| Lugar de publicación, distribución, etc. | Buenos Aires : |
| Nombre del editor, distribuidor, etc. | Amorrortu, |
| Fecha de publicación, distribución, etc. | 1982. |
| 300 ## - DESCRIPCIÓN FÍSICA | |
| Extensión | 24 v. ; |
| Dimensiones | 23 cm. |
| 505 8# - NOTA DE CONTENIDO CON FORMATO | |
| Nota de contenido con formato | Contiene: 1: Publicaciones prepsicoanalíticas y manuscritos inéditos en vida de Freud (1886-1899) -- 2: Estudios sobre la histeria (1893-1895) -- 3: Primeras publicaciones psicoanalíticas (1893-1899) --. 4: La interpretación de los sueños (I) (1900) -- 5: La interpretación de los sueños (II) (1900-1901) -- 6: Psicopatología de la vida cotidiana (1901) -- 7: "Fragmento de análisis de un caso de histeria" (caso "Dora"), tres ensayos de teoría sexual, y otras obras (1901-1905) -- 8: El chiste y su relación con lo inconciente (1905) -- 9: El delirio y los sueños en la "Gradiva" de W. Jensen, y otras obras (1906-1908) --: "Análisis de la fobia de un niño de cinco años" (caso del pequeño Hans) y "A propósito de un caso de neurosis obsesiva" (caso del "Hombre de las Ratas") (1909) -- 11: Cinco conferencias sobre psicoanálisis, un recuerdo infantil de Leonardo da Vinci, y otras obras (1910) --. 12: "Sobre un caso de paranoia descrito autobiográficamente" (caso Schreber), trabajos sobre técnica psicoanalítica y otras obras (1911-1913) -- Vol. 13: Tótem y tabú, y otras obras (1913-1914) -- Vol. 14: "Contribución a la historia del movimiento psicoanalítico", trabajos sobre metapsicología, y otras obras (1914-1916) -- Vol. 15: Conferencias de introducción al psicoanálisis (Partes I y II) (1915-1916) -- Vol. 16: Conferencias de introducción al psicoanálisis (Parte III) (1916-1917)-- Vol. 17: "De la historia de una neurosis infantil" (Caso del "Hombre de los lobos"), y otras obras (1917-1919) -- Vol. 18: Más allá del principio de placer, psicología de las masas y análisis del yo, y otras obras (1920-1922) -- Vol. 19: El yo y el ello, y otras obras (1923-1925) -- Vol. 20: Presentación autobiográfica, inhibición, síntoma y angustia, ¿pueden los legos ejercer el análisis?, y otras obras (1925-1926) -- Vol. 21: El porvenir de una ilusión, el malestar en la cultura, y otras obras (1927-1931) -- Vol. 22: Nuevas conferencias de introducción al psicoanálisis, y otras obras (1932-1936) -- Vol. 23: Moisés y la religión monoteísta, esquema del psicoanálisis, y otras obras (1937-1939) -- Vol. 24: Índices y bibliografías |
| 650 07 - PUNTO DE ACCESO ADICIONAL DE MATERIA--TÉRMINO DE MATERIA | |
| Término de materia o nombre geográfico como elemento de entrada | Psicología |
| Fuente del encabezamiento o término | embne |
| 9 (RLIN) | 16540 |
| 650 04 - PUNTO DE ACCESO ADICIONAL DE MATERIA--TÉRMINO DE MATERIA | |
| Término de materia o nombre geográfico como elemento de entrada | Psicoanálisis. |
| 9 (RLIN) | 16530 |
| 700 1# - ENTRADA AGREGADA--NOMBRE PERSONAL | |
| Nombre de persona | Strachey, James. |
| 9 (RLIN) | 154643 |
| 700 0# - ENTRADA AGREGADA--NOMBRE PERSONAL | |
| Nombre de persona | Freud, Anna. |
| 9 (RLIN) | 52543 |
| 700 0# - ENTRADA AGREGADA--NOMBRE PERSONAL | |
| Nombre de persona | Strachey, Alix. |
| 9 (RLIN) | 108354 |
| 700 1# - ENTRADA AGREGADA--NOMBRE PERSONAL | |
| Nombre de persona | Tyson, Alan. |
| 9 (RLIN) | 154644 |
| 700 0# - ENTRADA AGREGADA--NOMBRE PERSONAL | |
| Nombre de persona | Etcheverry, José Luis. |
| 9 (RLIN) | 48279 |
| 852 ## - LOCALIZACIÓN | |
| Ubicación | ES-MaACL |
| Número de control de estantería | G-3673-97 |
| Estatus retirado | Estado de pérdida | Estado de daño | No para préstamo | Biblioteca de origen | Biblioteca actual | Ubicación en estantería | Fecha de adquisición | Fuente de adquisición | Total de préstamos | Signatura topográfica completa | Código de barras | Visto por última vez | Precio de reemplazo | Tipo de ítem Koha |
|---|---|---|---|---|---|---|---|---|---|---|---|---|---|---|
| Biblioteca del Ateneo de Madrid | Biblioteca del Ateneo de Madrid | Depósito 2 | 28/03/2014 | G-3673-97 | 1192719 | 23/02/2023 | 23/02/2023 | Libro impreso |
